All Dua Lipa Songs (March 2025) - Statistics

General Stats
  • This quiz has been taken 444 times
    62 since last reset
  • The average score is 43 of 85
Answer Stats
Dua Lipa Hint % Correct
Levitating
90%
Levitating (feat. DaBaby)
90%
New Rules 2015
90%
New Rules - Live
90%
Houdini
88%
Don't Start Now
86%
Love Again
86%
Training Season
86%
IDGAF 2021
83%
Physical
83%
Physical (feat. Troye Sivan)
83%
Be the One 2020
79%
Be the One - Live
79%
Break My Heart
79%
Dance The Night
79%
Future Nostalgia
79%
Illusion
76%
One Kiss (with Calvin Harris)
74%
French Exit
71%
These Walls
71%
Boys Will Be Boys
69%
End of an Era
69%
Fever (feat. Angèle)
69%
Happy for You
69%
Maria
69%
These Walls (feat. Pierre de Maere)
69%
Cool
67%
Hallucinate
67%
Prisoner (with Miley Cyrus)
67%
Electricity (with Silk City, Mark Ronson & Diplo)
64%
Good In Bed
64%
We're Good
64%
Blow Your Mind (Mwah) 2019
62%
Falling Forever
62%
Hotter than Hell 2018
62%
Hotter than Hell - Live
62%
Pretty Please
62%
Anything for Love
60%
Genesis 2017
60%
Sweetest Pie (with Megan Thee Stallion)
60%
Whatcha Doing
60%
Cold Heart (with Elton John & PNAU)
55%
Kiss and Make Up (feat. BLACKPINK)
55%
Scared to Be Lonely (with Martin Garrix)
55%
UN DÍA (ONE DAY) (with J Balvin, Bad Bunny & Tainy)
55%
No Lie (with Sean Paul)
52%
That Kind Of Woman
50%
Garden 2023
48%
If It Ain't Me
48%
New Love
45%
New Love - Live
45%
Not My Problem (feat. JID)
45%
Lost in Your Light (feat. Miguel) 2016
43%
Last Dance
40%
Potion (with Calvin Harris & Young Thug)
40%
Room for 2
40%
Begging 2025
38%
Homesick
38%
Handlebars (with JENNIE)
33%
No Goodbyes 2022
33%
Thinking 'Bout You 2024
33%
Thinking 'Bout You - Live
33%
Dreams
31%
Running
31%
Bad Together
29%
Swan Song
29%
Want To
29%
Love Is Religion (The Blessed Madonna Remix)
24%
Real Groove (with Kylie Minogue)
21%
I'm Not the Only One - Live
19%
My Love (with Wale, Major Lazer and Wizkid)
19%
Can They Hear Us
17%
Demeanor (with Pop Smoke)
17%
Golden Slumbers
14%
High (with Whethan)
14%
Sugar (with BROCKHAMPTON)
14%
Tears Dry on Their Own
14%
Think I'm In Love With You - Live (with Chris Stapleton)
14%
Bang Bang (Italian Version)
12%
For Julian (Japanese Version)
12%
I'd Rather Go Blind - Live
12%
Bridge Over Troubled Water (Artists for Grenfell)
5%
If Only (with Andrea Bocelli)
5%
Talk talk (Charli xcx feat. Troye Sivan)
5%
Times Like These (Live Lounge Allstars)
2%
No matching quizzes found
Score Distribution
Percent of People with Each Score
Percentile by Number Answered
Your Score History
You have not taken this quiz since the last reset